[Event "Druzynowe Mistrzostwa Polski Juniorow - I Liga"]
[Site "Centrum Wypoczynkowo-Szkoleniowe Gwarek, Ustron"]
[Date "1899-12-30"]
[Round "5.2"]
[White "Holownia, Michal"]
[Black "Wisniewski, Jacek"]
[Result "1-0"]
[WhiteTitle "II+"]
[BlackTitle "I"]
[WhiteElo "1871"]
[BlackElo "1841"]

1. e4 c5 2. Nf3 d6 3. d4 cxd4 4. Nxd4 Nf6 5. Nc3 a6 6. Bg5 Nbd7 7. Bc4 Qc7 8. Bb3
b5 9. O-O Bb7 10. Re1 e6 11. Qe2 Nc5 12. Bxf6 gxf6 13. Bd5 O-O-O 14. Bxb7+ Qxb7
15. b4 Na4 16. Nxa4 bxa4 17. b5 axb5 18. Rab1 b4 19. Qc4+ Qc7 20. Qxb4 d5 21.
Qxa4 dxe4 22. Qa6+ Kd7 23. Rb7 1-0

[Event "Druzynowe Mistrzostwa Polski Juniorow - I Liga"]
[Site "Centrum Wypoczynkowo-Szkoleniowe Gwarek, Ustron"]
[Date "1899-12-30"]
[Round "5.3"]
[White "Chylewski, Patryk"]
[Black "Sernecki, Franciszek"]
[Result "1-0"]
[WhiteTitle "k"]
[BlackTitle "I"]
[WhiteElo "2168"]
[BlackElo "1932"]

1. e4 c5 2. Nf3 e6 3. d4 cxd4 4. Nxd4 a6 5. Bd3 Qc7 6. O-O b5 7. Be3 Bb7 8. f4
Nf6 9. Nd2 Bc5 10. Kh1 O-O 11. c3 d5 12. e5 Ne4 13. Bxe4 dxe4 14. Qb1 Bxd4 15.
cxd4 Qc8 16. a4 Bd5 17. Rf2 Qc6 18. axb5 axb5 19. Rxa8 Qxa8 20. f5 exf5 21. Rxf5
Nc6 22. Rg5 Nd8 23. Rg4 Ne6 24. Nxe4 Bxe4 25. Qxe4 Qxe4 26. Rxe4 Ra8 27. Bg1 Ra4
28. h3 Rb4 29. Kh2 h6 30. Rg4 h5 31. Re4 Ng5 32. Re2 Rb3 33. d5 Rd3 34. h4 Nh7
35. Rc2 g5 36. d6 g4 37. Rc8+ Kg7 38. Bf2 Nf8 39. Rc5 b4 40. Rc4 b3 41. Be1 Kg6
42. Rf4 Nd7 43. Bc3 Re3 44. Kg1 Nc5 45. Rf6+ Kg7 46. e6 Kf8 47. Rxf7+ Ke8 48.
d7+ Kd8 1-0

[Event "Druzynowe Mistrzostwa Polski Juniorow - I Liga"]
[Site "Centrum Wypoczynkowo-Szkoleniowe Gwarek, Ustron"]
[Date "1899-12-30"]
[Round "5.4"]
[White "Kawaler, Adam"]
[Black "Maminski, Hubert"]
[Result "1/2-1/2"]
[WhiteTitle "I"]
[BlackTitle "I"]
[WhiteElo "1553"]
[BlackElo "1763"]

1. d4 Nf6 2. Nf3 g6 3. e3 Bg7 4. c4 O-O 5. Nc3 d5 6. Be2 c5 7. dxc5 dxc4 8. O-O
Qa5 9. Qd4 Nbd7 10. Qxc4 Qxc5 11. Qh4 Nb6 12. e4 Nc4 13. Na4 Qa5 14. Bxc4 Qxa4
15. e5 b5 16. b3 Qa6 17. Ng5 Nh5 18. Bd5 Bxe5 19. Nxf7 Rxf7 20. Qxe7 Qf6 21. Qe8+
Kg7 22. Bxf7 Bb7 23. Qd7 Qxf7 24. Bh6+ Kg8 25. Rad1 Re8 26. Qxb5 Nf6 27. f4 Bc7
28. Bg5 Nd5 29. Rfe1 Ne3 30. h3 Bb6 31. Kh2 Bxg2 32. Rxe3 Rxe3 33. Kxg2 Qb7+ 34.
Qd5+ Qxd5+ 35. Rxd5 Re2+ 36. Kg3 Rxa2 37. Rd3 Rc2 38. Bh6 Rc7 39. Kg4 Kf7 40.
Bg5 Ba5 41. Bd8 h5+ 42. Kf3 Rc3 43. Rxc3 Bxc3 44. Ke4 Ke6 45. Bc7 Bf6 46. Bb8
a6 47. Bc7 Be7 1/2-1/2

[Event "Druzynowe Mistrzostwa Polski Juniorow - I Liga"]
[Site "Centrum Wypoczynkowo-Szkoleniowe Gwarek, Ustron"]
[Date "1899-12-30"]
[Round "5.5"]
[White "Olechnicka, Karolina"]
[Black "Dmochowska, Agnieszka"]
[Result "0-1"]
[WhiteTitle "k++"]
[BlackTitle "WCM"]
[WhiteElo "1892"]
[BlackElo "1869"]

1. e4 c5 2. Nf3 d6 3. d4 cxd4 4. Nxd4 Nf6 5. Nc3 Nc6 6. Bg5 e6 7. Qd2 a6 8. O-O-O
Be7 9. f3 O-O 10. Be2 Nxd4 11. Qxd4 b5 12. e5 dxe5 13. Qxe5 Qb6 14. Bd3 Bb7 15.
Ne4 Nxe4 16. h4 Bd6 0-1

[Event "Druzynowe Mistrzostwa Polski Juniorow - I Liga"]
[Site "Centrum Wypoczynkowo-Szkoleniowe Gwarek, Ustron"]
[Date "1899-12-30"]
[Round "5.6"]
[White "Frej, Zofia"]
[Black "Moscicka, Pola"]
[Result "0-1"]
[WhiteTitle "I+"]
[BlackTitle "I"]
[WhiteElo "1823"]
[BlackElo "1644"]

1. e4 e5 2. Nf3 Nf6 3. d4 Nxe4 4. Bd3 d5 5. Nxe5 Nd7 6. O-O Bd6 7. Nxd7 Bxd7 8.
Nc3 Nxc3 9. bxc3 O-O 10. Qh5 f5 11. Re1 Be8 12. Qf3 c6 13. Bf4 Bg6 14. h3 Qc7
15. Bd2 Qf7 16. Rab1 Bh5 17. g4 fxg4 18. Qxf7+ Rxf7 19. hxg4 Bxg4 20. c4 Raf8
21. Be3 Bf3 22. c5 Bf4 23. Be2 Be4 24. Bd3 Bxd3 25. cxd3 Bxe3 26. fxe3 Re7 27.
Kg2 h6 28. Kg3 Kh7 29. Rb2 g5 30. Rf2 Rfe8 31. Rfe2 Kg6 32. e4 h5 33. e5 Rf8 34.
Rb1 h4+ 35. Kg2 g4 36. Rh1 Kg5 37. e6 h3+ 38. Kh2 Kh4 39. Rhe1 g3+ 40. Kg1 Rf4
41. Re3 h2+ 42. Kh1 Kh3 0-1

[Event "Druzynowe Mistrzostwa Polski Juniorow - I Liga"]
[Site "Centrum Wypoczynkowo-Szkoleniowe Gwarek, Ustron"]
[Date "1899-12-30"]
[Round "5.7"]
[White "Kucza, Karol"]
[Black "Januszkiewicz, Wojciech"]
[Result "1-0"]
[WhiteTitle "k"]
[BlackTitle "I+"]
[WhiteElo "2119"]
[BlackElo "2025"]

1. e4 c5 2. Nf3 d6 3. d4 cxd4 4. Nxd4 Nf6 5. Nc3 a6 6. Bg5 e6 7. f4 Be7 8. Qf3
h6 9. Bh4 Qc7 10. O-O-O Nbd7 11. Bd3 b5 12. Rhe1 g5 13. Nd5 Nxd5 14. exd5 e5 15.
Bf2 gxf4 16. Nc6 Bb7 17. Nxe7 Kxe7 18. Bh4+ f6 19. Bf5 Raf8 20. Qxf4 Nb6 21. Qb4
Kd8 22. Re3 Na4 23. Rg3 Qc5 24. Qa5+ Qb6 25. Qd2 Bc8 26. Be6 Nc5 27. Rg6 Bxe6
28. dxe6 Ne4 29. Qd5 Ng5 30. Bxg5 hxg5 31. e7+ Kxe7 32. Rg7+ Ke8 33. Qe6+ 1-0

[Event "Druzynowe Mistrzostwa Polski Juniorow - I Liga"]
[Site "Centrum Wypoczynkowo-Szkoleniowe Gwarek, Ustron"]
[Date "1899-12-30"]
[Round "5.8"]
[White "Lebiedowicz, Borys"]
[Black "Madrawski, Krzysztof"]
[Result "1-0"]
[WhiteTitle "II+"]
[BlackTitle "I+"]
[WhiteElo "1813"]
[BlackElo "1972"]

1. e4 e6 2. d4 d5 3. Nc3 Nf6 4. Bg5 Be7 5. e5 Nfd7 6. h4 a6 7. Qg4 Bxg5 8. hxg5
c5 9. dxc5 Nc6 10. O-O-O b6 11. g6 f5 12. exf6 Nxf6 13. Qe2 bxc5 14. g4 Qd6 15.
gxh7 Rb8 16. Qe3 Rb4 17. g5 Ng4 18. Rxd5 Qxd5 19. Nxd5 Nxe3 20. Nxb4 Nxf1 21.
Nxc6 Bb7 22. Ne2 Bxc6 23. Rxf1 Rxh7 24. Nf4 Ke7 25. Re1 Rh1 26. Rxh1 Bxh1 27.
c4 Kd6 28. Kd2 Ke5 29. Ke3 Bc6 30. Nh5 g6 31. Nf4 Be8 32. Nd3+ Kd6 33. b3 a5 34.
Nf4 Ke5 35. Ne2 Kf5 36. Nc1 Ke5 37. f3 a4 38. Nd3+ Kd6 39. Ke4 axb3 40. axb3 Bc6+
41. Kf4 Be8 42. Ne5 Ke7 43. Ng4 Kd6 44. Nf6 e5+ 45. Ke3 Bf7 46. Ke4 Ke6 47. Ng4
Be8 48. Nxe5 Kd6 49. f4 Ke6 50. Ke3 Kd6 51. Kd3 Ke7 52. Kc3 Ke6 53. Nd3 Kd6 54.
b4 cxb4+ 55. Kxb4 Ke6 56. Kc5 Ba4 57. Kd4 Kf5 58. c5 Bb5 59. Ke3 Bc4 60. Ne5 Bb5
61. c6 Ba6 62. Nd7 Bb5 63. Nb8 Ke4+ 64. Kxe4 1-0

[Event "Druzynowe Mistrzostwa Polski Juniorow - I Liga"]
[Site "Centrum Wypoczynkowo-Szkoleniowe Gwarek, Ustron"]
[Date "1899-12-30"]
[Round "5.9"]
[White "Woloch, Oskar"]
[Black "Grzesik, Gracjan"]
[Result "1-0"]
[WhiteTitle "k"]
[BlackTitle "II+"]
[WhiteElo "2108"]
[BlackElo "1617"]

1. d4 d5 2. Bg5 Nf6 3. e3 e6 4. c3 Be7 5. Nd2 O-O 6. Bd3 Nbd7 7. f4 c5 8. Bxf6
Bxf6 9. Ngf3 b6 10. O-O Bb7 11. Ne5 Nxe5 12. fxe5 Bg5 13. Qe2 Qe7 14. Nf3 Bh6
15. e4 dxe4 16. Bxe4 Bxe4 17. Qxe4 Rac8 18. Rad1 Rfd8 19. Kh1 g6 20. Rd3 Rd7 21.
dxc5 Rxd3 22. Qxd3 Rxc5 23. c4 Qc7 24. b3 Bg7 25. Ng5 Rxe5 26. Nxf7 Rf5 27. Rxf5
gxf5 28. Qd8+ Qxd8 29. Nxd8 e5 30. Nc6 a5 31. Ne7+ Kf7 32. Nxf5 Bf8 33. Ng3 Bc5
34. Ne4 Be3 35. g4 h6 36. Kg2 Ke6 37. Kf3 Bc1 38. h3 Bf4 39. Nc3 Bg5 40. Nd5 Bd8
41. Ke4 Kd6 42. a3 Ke6 43. a4 Kd6 44. Kf5 e4 45. Kxe4 Ke6 46. h4 Bxh4 47. Nxb6
Bf2 48. Nd5 Bc5 49. Nf4+ Ke7 50. Kd5 Bb4 51. c5 Kd7 52. Ne6 Ba3 53. c6+ Kc8 54.
Kc4 Bb4 55. Kb5 Kb8 56. Kb6 Be1 57. Nc5 Bf2 58. Kb5 Be1 59. Nb7 Kc7 60. Nxa5 Bxa5
61. Kxa5 Kxc6 62. b4 Kb7 63. Kb5 Ka7 64. Kc6 Kb8 65. Kb6 Ka8 66. Kc7 Ka7 67. b5
Ka8 68. b6 h5 69. b7+ 1-0

[Event "Druzynowe Mistrzostwa Polski Juniorow - I Liga"]
[Site "Centrum Wypoczynkowo-Szkoleniowe Gwarek, Ustron"]
[Date "1899-12-30"]
[Round "5.10"]
[White "Luczak, Filip"]
[Black "Gorkiewicz, Mateusz"]
[Result "1-0"]
[WhiteTitle "II+"]
[BlackTitle "II"]
[WhiteElo "1629"]
[BlackElo "1353"]

1. e4 e5 2. Nf3 Nc6 3. Bb5 Nf6 4. O-O Bc5 5. Bxc6 dxc6 6. Nxe5 O-O 7. d3 Re8 8.
Nf3 Bg4 9. h3 Bh5 10. Be3 Bb6 11. Bxb6 axb6 12. Nbd2 Qd7 13. Re1 Rad8 14. Nf1
Qc8 15. Ng3 Bg6 16. Qc1 Nh5 17. Nxh5 Bxh5 18. Nh4 Bg6 19. f4 f6 20. f5 Bf7 21.
g4 Qd7 22. Nf3 Qd6 23. Kg2 Qc5 24. d4 Qa5 25. c3 c5 26. d5 c6 27. c4 Re7 28. Qc3
Qa8 29. dxc6 bxc6 30. e5 fxe5 31. Nxe5 Ree8 32. Nxf7 Kxf7 33. Rxe8 Rxe8 34. Rd1
Qb7 35. Qd3 Re7 36. f6 gxf6 37. Qxh7+ Ke6 38. Re1+ Kd6 39. Qd3+ 1-0

[Event "Druzynowe Mistrzostwa Polski Juniorow - I Liga"]
[Site "Centrum Wypoczynkowo-Szkoleniowe Gwarek, Ustron"]
[Date "1899-12-30"]
[Round "5.11"]
[White "Dwilewicz, Katarzyna"]
[Black "Czaplewska, Klara"]
[Result "0-1"]
[WhiteTitle "I++"]
[BlackTitle "I++"]
[WhiteElo "1872"]
[BlackElo "1669"]

1. e4 e5 2. Nf3 Nc6 3. Bb5 Nf6 4. d3 d6 5. Nc3 Bd7 6. a3 g6 7. Bg5 h6 8. Be3 Bg7
9. h3 O-O 10. Qd2 Kh7 11. Nh2 a6 12. Bc4 b5 13. Ba2 Ne7 14. g4 Nfg8 15. O-O-O
a5 16. Nb1 c5 17. Rdf1 Be6 18. Bxe6 fxe6 19. g5 h5 20. Ng4 Nc6 21. f4 exf4 22.
Rxf4 Rxf4 23. Bxf4 a4 24. Nh6 b4 25. Rf1 Qb6 26. c3 Na5 27. Qc2 Rb8 28. Kd2 bxc3+
29. bxc3 Nb3+ 30. Ke2 Nxh6 31. gxh6 Bxh6 32. Bxh6 Kxh6 33. Rf6 Kg7 34. Rf1 d5
35. Re1 dxe4 36. dxe4 Qd6 37. Kf3 Rf8+ 38. Kg2 Qf4 39. Qe2 h4 40. Qe3 Qf6 41.
Qe2 Qg5+ 42. Qg4 Qxg4+ 43. hxg4 Rf4 44. g5 c4 45. Kh3 Kf7 46. Kg2 Ke7 47. Re2
Kd6 48. Nd2 Nxd2 49. Rxd2+ Ke5 50. Rb2 Kxe4 51. Rb4 Kd3 52. Rxa4 Kxc3 53. Ra6
Re4 54. a4 Re5 55. Kh3 Kb4 56. Kxh4 c3 57. Rc6 Rc5 58. Rxe6 c2 0-1

[Event "Druzynowe Mistrzostwa Polski Juniorow - I Liga"]
[Site "Centrum Wypoczynkowo-Szkoleniowe Gwarek, Ustron"]
[Date "1899-12-30"]
[Round "5.12"]
[White "Bienko, Jagoda"]
[Black "Karlyk, Maria"]
[Result "1/2-1/2"]
[WhiteTitle "II"]
[BlackTitle "I"]
[WhiteElo "1242"]
[BlackElo "1392"]

1. d4 d5 2. c4 e6 3. Nc3 Nf6 4. cxd5 exd5 5. Bg5 Be7 6. e3 O-O 7. Bd3 b6 8. Bxf6
Bxf6 9. Qh5 h6 10. Qxd5 c6 11. Qxd8 Rxd8 12. Ne4 Be7 13. Ne2 Bb4+ 14. N4c3 Bb7
15. Be4 Nd7 16. O-O Nf6 17. Bf3 Rac8 18. Rac1 Ba6 19. Rfd1 g5 20. h3 h5 21. Ng3
h4 22. Nge4 Nxe4 23. Nxe4 Be7 24. Nc3 Bf6 25. b4 Be7 26. a3 Bc4 27. Ne2 b5 28.
d5 c5 29. bxc5 Bxc5 30. Rc3 Bd6 31. Nd4 Be5 32. Rdc1 Bxd4 33. exd4 Rb8 34. a4
Bxd5 35. Rc5 Bxf3 36. Rxg5+ Kf8 37. gxf3 bxa4 38. Ra5 Rxd4 39. Rxa7 Rf4 40. Kg2
Rb3 41. Ra1 Rbxf3 42. Ra2 a3 43. R7xa3 Rxa3 44. Rxa3 Kg7 45. Ra5 1/2-1/2

[Event "Druzynowe Mistrzostwa Polski Juniorow - I Liga"]
[Site "Centrum Wypoczynkowo-Szkoleniowe Gwarek, Ustron"]
[Date "1899-12-30"]
[Round "5.13"]
[White "Bilczewski, Kacper"]
[Black "Kaczmarek, Aleksander"]
[Result "0-1"]
[WhiteTitle "I"]
[BlackTitle "FM"]
[WhiteElo "2056"]
[BlackElo "2238"]

1. e4 c6 2. d4 d5 3. Nc3 dxe4 4. Nxe4 Nd7 5. Ng5 Ngf6 6. Bc4 e6 7. Qe2 Nb6 8. Bd3
h6 9. N5f3 c5 10. dxc5 Nbd7 11. Ne5 Nxe5 12. Qxe5 Nd7 13. Qd4 e5 14. Qe4 g6 15.
Nf3 Bg7 16. Qc4 Qe7 17. Be3 O-O 18. O-O Nf6 19. Nd2 Ng4 20. Rae1 Be6 21. Qa4 Nxe3
22. Rxe3 Qxc5 23. Ne4 Qe7 24. Rd1 Rfd8 25. Ree1 Rd4 26. Qa5 b6 27. Qa6 Rad8 28.
Nc3 f5 29. Bf1 e4 30. Rxd4 Rxd4 31. Rd1 Rxd1 32. Nxd1 f4 33. Bc4 Kh7 34. Bxe6
Qxe6 35. b3 Qd5 36. Qe2 h5 37. g3 f3 38. Qe1 Qd4 39. Ne3 Bh6 40. Nf1 a5 41. c4
Qd3 42. c5 Qe2 43. Qc3 e3 44. Nxe3 Bxe3 45. Qxe3 Qd1+ 0-1

[Event "Druzynowe Mistrzostwa Polski Juniorow - I Liga"]
[Site "Centrum Wypoczynkowo-Szkoleniowe Gwarek, Ustron"]
[Date "1899-12-30"]
[Round "5.14"]
[White "Powalka, Michal"]
[Black "Maj, Kornel"]
[Result "0-1"]
[WhiteTitle "I++"]
[BlackTitle "I"]
[WhiteElo "1975"]
[BlackElo "2051"]

1. e4 c5 2. Nf3 d6 3. d4 cxd4 4. Nxd4 Nf6 5. Nc3 Nc6 6. Bg5 e6 7. Qd2 a6 8. O-O-O
h6 9. Nxc6 bxc6 10. Bf4 d5 11. Qe3 Bb4 12. a3 Ba5 13. Be2 O-O 14. e5 Nd7 15. g4
f6 16. exf6 Qxf6 17. Bd6 Re8 18. g5 hxg5 19. Bh5 Bb6 20. Qd3 Rd8 21. h4 gxh4 22.
Kb1 Nf8 23. Bxf8 Rxf8 24. Rdg1 Bxf2 25. Rg2 Qf5 26. Qd1 Bg3 27. Ne2 Qxh5 28. Rxg3
e5 29. Qg1 Rf7 30. Nc3 Bf5 31. Rg5 Qh7 32. Qh2 d4 33. Na4 Raf8 34. Re1 d3 35.
cxd3 Bxd3+ 36. Ka1 e4 37. Nc5 Rf1 38. Rg1 R1f2 39. Qe5 h3 40. Ne6 R2f7 41. Nxf8
Rxf8 42. Rh1 Qh6 43. Re3 Bf1 44. Rg3 Bg2 45. Rd1 Qf6 46. Qh5 Bf3 0-1

[Event "Druzynowe Mistrzostwa Polski Juniorow - I Liga"]
[Site "Centrum Wypoczynkowo-Szkoleniowe Gwarek, Ustron"]
[Date "1899-12-30"]
[Round "5.15"]
[White "Ochowicz, Jakub"]
[Black "Paliwoda, Borys"]
[Result "1/2-1/2"]
[WhiteTitle "I"]
[BlackTitle "II"]
[WhiteElo "1849"]
[BlackElo "1510"]

1. e4 d5 2. exd5 Qxd5 3. Nc3 Qd8 4. d4 Nf6 5. Nf3 Bg4 6. h3 Bh5 7. g4 Bg6 8. Be3
e6 9. Be2 Bb4 10. Bd2 O-O 11. a3 Ba5 12. Bg5 Nbd7 13. Bd3 Qc8 14. Qd2 Be4 15.
Qe3 Bxd3 16. Qxd3 Bxc3+ 17. bxc3 Re8 18. O-O h6 19. Bf4 Nd5 20. Bg3 c5 21. Rab1
Qc6 22. Nd2 cxd4 23. cxd4 Rac8 24. c4 N5f6 25. Rfc1 b6 26. f3 Red8 27. Qe3 Re8
28. Qd3 Red8 29. Qe3 Re8 30. Qd3 Red8 31. Qe3 Re8 32. Qd3 Red8 33. Qe3 Re8 34.
Qd3 Red8 35. Qe3 Re8 1/2-1/2

[Event "Druzynowe Mistrzostwa Polski Juniorow - I Liga"]
[Site "Centrum Wypoczynkowo-Szkoleniowe Gwarek, Ustron"]
[Date "1899-12-30"]
[Round "5.16"]
[White "Anyz, Monika"]
[Black "Polczyk, Mikolaj"]
[Result "0-1"]
[WhiteTitle "II"]
[BlackTitle "I"]
[WhiteElo "1291"]
[BlackElo "1716"]

1. e4 e6 2. d4 d5 3. Nd2 Nf6 4. e5 Nfd7 5. Bd3 c5 6. c3 Nc6 7. Ndf3 cxd4 8. cxd4
f6 9. exf6 Nxf6 10. a3 Bd6 11. Ne2 Qc7 12. h3 O-O 13. O-O e5 14. dxe5 Nxe5 15.
Nfd4 Nxd3 16. Qxd3 a6 17. Bg5 Ne4 18. Rac1 Qf7 19. Nf3 Bxh3 20. Ng3 Nxg3 21. fxg3
Bf5 22. Qd2 Bxg3 23. Bh4 Bxh4 24. Nxh4 Qd7 25. Nxf5 Rxf5 26. Rxf5 Qxf5 27. Rc7
Rd8 28. Qa5 Rd7 29. Rc8+ Kf7 30. Qc5 Re7 31. Rc7 Rxc7 32. Qxc7+ Kf6 33. Qd6+ Qe6
34. Qf4+ Kg6 35. Qg3+ Kf5 36. Qh3+ Kf6 37. Qh4+ Kf7 38. Qf4+ Qf6 39. Qc7+ Ke6
40. Qb6+ Kf5 41. Qf2+ Kg4 42. Qe2+ Kf4 43. Qf2+ Ke5 44. Qe1+ Kd6 45. Qb4+ Kc6
46. Qa4+ Kb6 47. Qb4+ Ka7 48. Kh1 Qh6+ 49. Kg1 Qb6+ 50. Qxb6+ Kxb6 51. Kf2 Kc5
52. Ke2 Kc4 53. Kd2 Kb3 54. Kc1 d4 55. Kb1 d3 56. Kc1 d2+ 57. Kxd2 Kxb2 0-1

[Event "Druzynowe Mistrzostwa Polski Juniorow - I Liga"]
[Site "Centrum Wypoczynkowo-Szkoleniowe Gwarek, Ustron"]
[Date "1899-12-30"]
[Round "5.17"]
[White "Stebel, Agata"]
[Black "Harazinska, Ewa"]
[Result "0-1"]
[WhiteTitle "k"]
[BlackTitle "WFM"]
[WhiteElo "1864"]
[BlackElo "2034"]

1. c4 e5 2. Nc3 Nf6 3. g3 Bc5 4. Bg2 Nc6 5. d3 h6 6. Nf3 d6 7. O-O a6 8. a3 O-O
9. b4 Ba7 10. Qc2 Ne7 11. Bd2 Ng6 12. Na4 Bd7 13. Rfc1 Qe8 14. Nb2 e4 15. dxe4
Nxe4 16. Be1 Qe7 17. Nd3 Bf5 18. Qb3 Rad8 19. e3 Qf6 20. Bc3 Nxc3 21. Qxc3 Qxc3
22. Rxc3 Be4 23. Rd1 Rfe8 24. Rcc1 f6 25. Kf1 Ne5 26. Ndxe5 fxe5 27. Nd2 Bxg2+
28. Kxg2 c6 29. Nb3 Re7 30. Rc2 Kf7 31. Rcd2 Ke6 32. Kf1 Rc7 33. c5 d5 34. f4
Rf7 35. Ke2 Bb8 36. Rf1 Bc7 37. Rdd1 Rff8 38. Rd2 Ra8 39. Na5 Bxa5 40. bxa5 Rad8
41. Rb1 Rd7 42. Rdb2 Rff7 43. Rb4 d4 44. exd4 exf4 45. gxf4 Kd5 46. Kd3 Rxf4 47.
Re1 Rf5 48. Re3 Rdf7 49. Rb1 Rf3 50. Rbe1 R7f4 51. Kc3 g5 52. Rd3 Rxd3+ 53. Kxd3
Rf3+ 54. Kc2 Rxa3 55. Re7 Rxa5 56. Rxb7 Ke5 0-1

[Event "Druzynowe Mistrzostwa Polski Juniorow - I Liga"]
[Site "Centrum Wypoczynkowo-Szkoleniowe Gwarek, Ustron"]
[Date "1899-12-30"]
[Round "5.18"]
[White "Harazinska, Magdalena"]
[Black "Bilczewska, Olga"]
[Result "1/2-1/2"]
[WhiteTitle "I++"]
[BlackTitle "I"]
[WhiteElo "1857"]
[BlackElo "1673"]

1. d4 Nf6 2. c4 e5 3. dxe5 Ng4 4. Bf4 g5 5. Bg3 Nc6 6. Nf3 Bg7 7. e3 Ngxe5 8. Nxe5
Nxe5 9. Nc3 d6 10. Be2 Be6 11. Rc1 Qd7 12. b3 O-O-O 13. O-O h5 14. Nb5 Kb8 15.
Nd4 h4 16. Bxe5 Bxe5 17. Nxe6 Qxe6 18. Bf3 f5 19. Qd5 Qxd5 20. Bxd5 f4 21. exf4
Bxf4 22. Rce1 Rde8 23. Bf7 Rxe1 24. Rxe1 Be5 25. g3 hxg3 26. hxg3 Rf8 27. Bg6
Kc8 28. Kg2 Kd7 29. Rh1 Rh8 30. Bf5+ Ke7 31. Re1 Kf6 32. Be4 b6 33. Re2 g4 34.
Bc6 Rh7 35. f4 gxf3+ 36. Kxf3 Rg7 37. Rg2 Ke6 38. g4 Kf6 39. Be4 Kg5 40. Bf5 Kf6
41. Rg1 Rg8 42. Rh1 Kf7 43. Rh7+ Rg7 44. Rh6 Bf6 45. Ke4 c6 46. Rh5 Rg5 47. Rxg5
Bxg5 48. Bd7 d5+ 49. cxd5 cxd5+ 50. Kxd5 Kf6 51. Kc6 Be3 52. b4 a5 53. b5 Kg5
1/2-1/2

[Event "Druzynowe Mistrzostwa Polski Juniorow - I Liga"]
[Site "Centrum Wypoczynkowo-Szkoleniowe Gwarek, Ustron"]
[Date "1899-12-30"]
[Round "5.19"]
[White "Wacior, Maciej"]
[Black "Czajkowski, Adam"]
[Result "1/2-1/2"]
[WhiteTitle "I++"]
[BlackTitle "I++"]
[WhiteElo "1934"]
[BlackElo "2073"]

1. d4 Nf6 2. Nf3 g6 3. Bf4 Bg7 4. h3 O-O 5. e3 d6 6. Bc4 Nbd7 7. c3 b6 8. O-O Bb7
9. Nbd2 Qe8 10. Bh2 e5 11. Kh1 Kh8 12. Qb3 e4 13. Ng1 Qe7 14. Rac1 c5 15. Rfe1
Rac8 16. a4 Rfd8 17. Qa2 a6 18. Bf1 Nd5 19. Bc4 N7f6 20. Ne2 Rd7 21. Nf4 Nxf4
22. Bxf4 Rdc7 23. Qb1 Nh5 24. Bh2 f5 25. Be2 Nf6 26. Nc4 Rc6 27. dxc5 bxc5 28.
Na5 Rb6 29. Nc4 Rbc6 30. Na5 Rb6 31. Nc4 Rbc6 32. Na5 1/2-1/2

[Event "Druzynowe Mistrzostwa Polski Juniorow - I Liga"]
[Site "Centrum Wypoczynkowo-Szkoleniowe Gwarek, Ustron"]
[Date "1899-12-30"]
[Round "5.20"]
[White "Pniaczek, Marek"]
[Black "Karwowski, Kacper"]
[Result "0-1"]
[WhiteTitle "I"]
[BlackTitle "I++"]
[WhiteElo "1716"]
[BlackElo "2021"]

1. e4 c5 2. Nf3 d6 3. d4 cxd4 4. Nxd4 Nf6 5. f3 e6 6. c4 Be7 7. Nc3 O-O 8. Be3
a6 9. Be2 b6 10. O-O Bb7 11. Qd2 Nbd7 12. Rac1 Rc8 13. Rfd1 Rc7 14. Bf1 Qa8 15.
Bf2 Ne5 16. Na4 Nfd7 17. Nb3 Qa7 18. Na5 Ba8 19. b4 Rfc8 20. Qd4 Rb8 21. h3 Bc6
22. Nxc6 Nxc6 23. Qd2 Qa8 24. a3 Nce5 25. f4 Ng6 26. Qe3 b5 27. cxb5 Rxc1 28.
Rxc1 axb5 29. Nb2 Nf6 30. Re1 Bd8 31. g3 Bb6 32. Qd3 Bxf2+ 33. Kxf2 Qa7+ 34. Qe3
Nxe4+ 35. Kf3 Qxe3+ 36. Rxe3 Nd2+ 37. Ke2 Nc4 38. Nxc4 bxc4 39. Kd2 d5 40. Kc3
Ne7 41. Re1 Nf5 42. g4 Nd6 43. Ra1 g5 44. fxg5 e5 45. Bg2 d4+ 46. Kc2 Re8 47.
a4 e4 48. a5 Nb5 49. a6 d3+ 50. Kd1 Na7 51. b5 Nxb5 52. a7 Nxa7 53. Rxa7 e3 54.
Bf3 c3 55. Rd7 c2+ 56. Kc1 e2 0-1

[Event "Druzynowe Mistrzostwa Polski Juniorow - I Liga"]
[Site "Centrum Wypoczynkowo-Szkoleniowe Gwarek, Ustron"]
[Date "1899-12-30"]
[Round "5.21"]
[White "Kabacinski, Krzysztof"]
[Black "Musial, Tomasz"]
[Result "1/2-1/2"]
[WhiteTitle "II"]
[BlackTitle "II"]
[WhiteElo "1565"]
[BlackElo "1595"]

1. e4 e6 2. d4 d5 3. Nc3 Nf6 4. e5 Nfd7 5. f4 c5 6. Nf3 Nc6 7. Be3 a6 8. Qd2 b5
9. dxc5 Bxc5 10. Nd4 Qb6 11. O-O-O Bb7 12. Kb1 Rc8 13. g4 Nxd4 14. Bxd4 Bxd4 15.
Qxd4 Qxd4 16. Rxd4 Ke7 17. Rg1 g5 18. fxg5 Nxe5 19. Bg2 Rc4 20. Rxc4 Nxc4 21.
Re1 Kd6 22. Nd1 Ba8 23. Nf2 e5 24. b3 Nb6 25. Rd1 Ke6 26. Nd3 Nd7 27. c3 Rc8 28.
Kb2 a5 29. Re1 d4 30. cxd4 Bxg2 31. Nf4+ Kd6 32. dxe5+ Nxe5 33. Rd1+ Ke7 34. Nxg2
Nxg4 35. h4 Rc5 36. Rd4 Ne5 37. a3 Nc6 38. Re4+ Kf8 39. Nf4 b4 40. a4 Ne7 41.
Nh5 1/2-1/2

[Event "Druzynowe Mistrzostwa Polski Juniorow - I Liga"]
[Site "Centrum Wypoczynkowo-Szkoleniowe Gwarek, Ustron"]
[Date "1899-12-30"]
[Round "5.22"]
[White "Lyszczarz, Konrad"]
[Black "Rogala, Milosz"]
[Result "1-0"]
[WhiteTitle "II"]
[BlackTitle "II"]
[WhiteElo "1329"]
[BlackElo "1356"]

1. e4 c6 2. d4 d5 3. Nc3 dxe4 4. Nxe4 Nd7 5. Nf3 Ngf6 6. Nxf6+ Nxf6 7. h3 e6 8.
a3 c5 9. Bd3 Be7 10. O-O O-O 11. Re1 Bd7 12. c4 Bc6 13. Be3 Bxf3 14. gxf3 cxd4
15. Bxd4 Kh8 16. Bc3 Rc8 17. b4 h6 18. Qd2 Qd7 19. Qe3 Rfd8 20. Rad1 b6 21. Kh1
Qc6 22. Rg1 Rg8 23. Rg2 Bf8 24. Rdg1 g6 25. Bxf6+ Kh7 26. h4 1-0

[Event "Druzynowe Mistrzostwa Polski Juniorow - I Liga"]
[Site "Centrum Wypoczynkowo-Szkoleniowe Gwarek, Ustron"]
[Date "1899-12-30"]
[Round "5.23"]
[White "Antolak, Julia"]
[Black "Pyzio, Amelia"]
[Result "1-0"]
[WhiteTitle "k+"]
[BlackTitle "I"]
[WhiteElo "1974"]
[BlackElo "1409"]

1. e4 e5 2. Nf3 Nc6 3. Bb5 a6 4. Ba4 Nf6 5. O-O Be7 6. Re1 d6 7. Bxc6+ bxc6 8.
d4 exd4 9. Qxd4 O-O 10. c4 Re8 11. Nc3 Bb7 12. Qd3 d5 13. e5 Ne4 14. Nxe4 dxe4
15. Qxe4 Bb4 16. Rf1 Qc8 17. c5 Bxc5 18. Ng5 g6 19. Qh4 h5 20. Nxf7 Qe6 21. Ng5
Qxe5 22. Bf4 Qe7 23. Qg3 Bb6 24. Qb3+ Kg7 25. Rad1 a5 26. Qc3+ Kg8 27. Qc4+ Kg7
28. Kh1 Qf6 29. Rd7+ Re7 30. Rxe7+ Qxe7 31. Qc3+ Kg8 32. Re1 Qb4 33. Qe5 Rf8 34.
Qe6+ Kg7 35. Qd7+ 1-0

[Event "Druzynowe Mistrzostwa Polski Juniorow - I Liga"]
[Site "Centrum Wypoczynkowo-Szkoleniowe Gwarek, Ustron"]
[Date "1899-12-30"]
[Round "5.24"]
[White "Kucharska, Honorata"]
[Black "Nowicka, Julia"]
[Result "1-0"]
[WhiteTitle "I++"]
[BlackTitle "I"]
[WhiteElo "1719"]
[BlackElo "1298"]

1. e4 e5 2. Nf3 Nc6 3. Bb5 a6 4. Ba4 Nf6 5. Qe2 b5 6. Bb3 d6 7. c3 Bg4 8. h3 Bh5
9. d3 Be7 10. Nbd2 O-O 11. Nf1 Na5 12. Bc2 c5 13. g4 Bg6 14. Ng3 Qd7 15. Nf5 Rfe8
16. Nxe7+ Rxe7 17. Nh4 Rf8 18. Nf5 Ree8 19. Bg5 Qd8 20. Qf3 d5 21. h4 dxe4 22.
dxe4 Qb6 23. Rd1 Bxf5 24. gxf5 Kh8 25. O-O Rg8 26. Kh2 Qc6 27. Rg1 Nc4 28. Bc1
Nd6 29. Rde1 Rd8 30. b3 Nc8 31. Bg5 h6 32. Bc1 Rd6 33. Qg3 Qe8 34. Be3 Rc6 35.
f3 Qe7 36. Rd1 Nd6 37. Rg2 Nb7 38. Qf2 Rcc8 39. Kg1 Nd7 40. Qg3 Nf6 41. Qe1 Qc7
42. Ra1 Nd6 43. Bd1 c4 44. b4 Ra8 45. Qg3 Nb7 46. a4 Rad8 47. Bc2 Nd7 48. a5 Qb8
49. Rd1 Rdf8 50. Rxd7 Qc8 51. Rd5 Re8 52. Rxe5 1-0

[Event "Druzynowe Mistrzostwa Polski Juniorow - I Liga"]
[Site "Centrum Wypoczynkowo-Szkoleniowe Gwarek, Ustron"]
[Date "1899-12-30"]
[Round "5.25"]
[White "Mockun, Dawid"]
[Black "Bus, Konrad"]
[Result "0-1"]
[WhiteTitle "I"]
[BlackTitle "k"]
[WhiteElo "1951"]
[BlackElo "2108"]

1. d4 Nf6 2. Nf3 g6 3. Bg5 Bg7 4. Nbd2 O-O 5. e4 d6 6. Be2 c5 7. c3 b6 8. O-O Bb7
9. Qc2 Nc6 10. d5 Ne5 11. Nxe5 dxe5 12. Nc4 Ne8 13. Ne3 f6 14. Bh4 Nd6 15. f3
Bc8 16. a3 Bd7 17. b4 Qc7 18. Bf2 Rab8 19. Rab1 h5 20. Rb2 c4 21. a4 Bh6 22. b5
f5 23. exf5 gxf5 24. Rb4 Bxe3 25. Bxe3 Rf7 26. f4 e4 27. Bxh5 Rh7 28. Be2 Kf7
29. Bd4 Rg8 30. Qd2 Qc8 31. Qe3 Qf8 32. h3 Qh6 33. Kh2 Qh4 34. Qf2 Qh6 35. Qe3
Qg6 36. Rg1 Rh4 37. Bxc4 Qh6 38. Rf1 Rhg4 39. Rf2 Qh4 40. Bf1 Rg3 41. Re2 Rxe3
42. Bxe3 Ne8 43. c4 Nf6 44. Kh1 Nh5 45. Bf2 Qxf4 46. Rbb2 Qc1 47. Kg1 Nf4 0-1